• 首页
  • 本馆介绍
  • 公告通知
  • 最新文献
  • 馆藏检索
  • 电子资源
  • 读者导购
  • 参考咨询
  • 我的图书馆
  • 登录
  • 详细信息显示
  • 放入我的书架
  • 预约/预借图书
  • 作者相关作品
  • 分类相关作品
  • 丛书相关作品
  • 出版社相关作品

书目信息

  • 表格格式
  • 工作单格式
  • 卡片格式
书名: Cliffs GED social studies test preparation guide
作者: by Stephen Fisher.
分册号:
分册名:
出版地: Lincoln, Neb. :
 
出版社: Cliffs Notes
出版时间: c1980.
页数: vi, 218 p. :
开本: 21 cm.
丛书名:
中图分类号:
科图分类号:
其他分类号: C91-62
主题词:
电子资源:
000 00883cam 2200265 a 4500
001 E0739121486
003 CAL
005 20070210105239.14
008 051229s1980 nbua 000 0 eng d
020    @a0822020122 (pbk.).
040    @aDPB@cDPB@dOCT
090    @aI66/W5
090    @aC91-62
093    @aH319 @2 3
099    @dC91-62@ex2
100 1  @aFisher, Stephen.
245 10 @aCliffs GED social studies test preparation guide :@bthe new high school equivalency examination / @cby Stephen Fisher.
246 18 @aGED social studies test preparation guide
260    @aLincoln, Neb. :@bCliffs Notes,@cc1980.
300    @avi, 218 p. :@bill. ;@c21 cm.
650  0 @aSocial sciences@xExaminations, questions, etc.
650  0 @aHigh school equivalency examinations.
650  0 @aGeneral educational development tests.
920    @a232010@z2
998    @aSJT
    
    Cliffs GED social studies test preparation guide : : the new high school equivalency examination / / by Stephen Fisher.-Lincoln, Neb. : : Cliffs Notes, , c1980.
    vi, 218 p. : : ill. ; ; 21 cm.
    
    
    ISBN 0822020122 (pbk.).
    
●
相关链接 在E读中查询图书 在五车中查询图书 在当当中查询图书 在豆瓣中查询图书


正题名:Cliffs GED social studies test preparation guide     索取号:C91-62/x2         预约/预借

序号 登录号 条形码 馆藏地/架位号 状态 备注
1 180936   001169416   第四借阅区/ [索取号:C91-62/x2] 在馆    
2 180937   001169372   第二样本阅览室/ [索取号:C91-62/x2] 在馆    
唐山师范学院图书馆 欢迎您!
大连网信软件有限公司© 版权所有